000 01133nam a22002657a 4500
005 20130516104415.0
010 _aENG-107164
020 _a9781259064524
_c595.00
020 _a1259064522
_c595.00
035 _aEN-90697
037 _bDBAD/PUB
082 0 0 _a338.040973
_223
100 1 _aKhanna, Ro.
245 1 0 _aEntrepreneurial nation :
_bwhy manufacturing is key to America's future /
_cby Ro Khanna
260 _aNew Delhi
_bTata McGraw-Hill
_c2012
270 _a7 West Patel Nagar
_bNew Delhi
_e110008
300 _a256 p.
_c24cm(Hb )
500 _aIncludes bibliographical references (p. 213-246) and index.
505 0 _aSpurring innovation and economic growth -- Taking the high road -- The air capital of the world -- Making the world's next big thing -- Going global -- Importing jobs -- The skills gap -- National security -- What's at stake.
650 0 _aManufacturing industries
_zUnited States.
650 0 _aEconomic development
_zUnited States.
650 0 _aTechnological innovations
_zUnited States.
650 0 _aEntrepreneurship
_zUnited States.
942 _2ddc
_cEN
_h338.3040973
_mKHA
999 _c75706
_d75706